Loading...
| Current Events | 1 | 20.00 | 100% | 100% | 0% |
| Fine Arts - Classical Music | 4 | 12.50 | 75% | 50% | 0% |
| Fine Arts - Other Fine Arts | 5 | 14.00 | 80% | 60% | 0% |
| Geography | 3 | 20.00 | 100% | 67% | 33% |
| History - American History | 4 | 20.00 | 100% | 50% | 50% |
| History - European History | 6 | 16.67 | 100% | 17% | 50% |
| History - Other History | 3 | 10.00 | 100% | 0% | 0% |
| History - World History | 2 | 15.00 | 100% | 50% | 0% |
| Literature - American Literature | 6 | 11.67 | 83% | 33% | 0% |
| Literature - British Literature | 4 | 12.50 | 100% | 0% | 25% |
| Literature - European Literature | 3 | 13.33 | 100% | 33% | 0% |
| Literature - World Literature | 7 | 8.57 | 71% | 14% | 0% |
| Mythology | 5 | 12.00 | 80% | 20% | 20% |
| Painting/Sculpture | 6 | 8.33 | 67% | 17% | 0% |
| Philosophy | 1 | 10.00 | 100% | 0% | 0% |
| Pop Culture | 2 | 25.00 | 100% | 100% | 50% |
| Religion | 4 | 10.00 | 75% | 25% | 0% |
| Science - Biology | 3 | 20.00 | 100% | 67% | 33% |
| Science - Chemistry | 4 | 12.50 | 75% | 50% | 0% |
| Science - Other Science | 3 | 13.33 | 100% | 33% | 0% |
| Science - Physics | 3 | 6.67 | 67% | 0% | 0% |